Jeremiášův vztek /

Hlavní autor: Urza, Milan, 1983-
Jazyk: Čeština
Vydáno: Praha : Trigon, 2014
Vydání: Vyd. 1.
Edice: Rubín (Trigon)
Témata:
Externí odkaz: Digitalizovaný dokument
Fyzický popis: 142 s. : il. ; 22 cm
Knihy
Uloženo v:
LEADER 01181nam a2200349 a 4500
001 nkc20142639429
003 CZ PrNK
005 20150129080850.0
007 ta
008 141121s2014 xr a e 000 f cze
015 |a cnb002639429 
020 |a 978-80-87908-03-7  |q (brož.) 
035 |a (OCoLC)903090124 
040 |a BOA001  |b cze  |d OLA001  |d ABA001 
072 7 |a 821.162.3-3  |x Česká próza  |2 Konspekt  |9 25 
080 |a 821.162.3-32  |2 MRF 
080 |a (0:82-32)  |2 MRF 
100 1 |a Urza, Milan,  |d 1983-  |7 mzk2003206007  |4 aut 
245 1 0 |a Jeremiášův vztek /  |c Milan Urza ; [ilustroval Pavel R. Vejrážka] 
250 |a Vyd. 1. 
260 |a Praha :  |b Trigon,  |c 2014 
300 |a 142 s. :  |b il. ;  |c 22 cm 
490 1 |a Rubín 
655 7 |a české novely  |7 fd133969  |2 czenas 
655 9 |a Czech novellas  |2 eczenas 
830 0 |a Rubín (Trigon)  |0 s 
856 4 1 |u http://www.digitalniknihovna.cz/mzk/uuid/uuid:ad9bfa70-3d97-11ed-8fb4-5ef3fc9bb22f  |y Digitalizovaný dokument  |x NDK 
910 2 |a BOA001  |b 2-1337.662 
990 |a BK 
995 |a 01 
991 |b 201412  |c NOV  |e b 
996 6 |b 2610614114  |c 2-1337.662  |l MZK  |r Sklad / do 1 hodiny  |n 0  |p p.v.  |w 001476302  |u 000010  |a 1  |e BOA001  |j MZK50  |s P